000 01467cam a22002295a 4500
001 L149512
008 100901s2010 xxk 000 0 eng d
035 _a(Sirsi) u150754
041 0 _aeng
050 0 4 _a333.33 $2 18
110 2 _aRoyal Institution of Chartered Surveyors
_bEconomics
_95033
245 0 0 _aRICS global distressed property monitor
_bQ2 2010
_h[electronic resource]
260 _aLondon
_bRICS
_c2010
490 0 _aRICS Global Distressed Property Monitor
_vQ2 2010
520 _aGrowth in distressed property listings eased back across 85% of countries surveyed in the Q2 2010 "RICS Global Distressed Property Monitor" compared with the first quarter of 2010. Only 13 countries reported distressed properties coming to market down form 17 in the first quarter. Growth in distressed listings was greatest in the US and some European countries namely Portugal, Spain, Republic of Ireland and Germany, whereas the pace of decline was strongest in Brazil, Russia, India and Hong Kong. Portugal and Republic of Ireland are expected to lead the distressed property stakes in Q3 2010.
590 _aKA
651 4 _aInternational
690 _aPROPERTY-COMMERCIAL PROPERTY-COMMERCIAL PROPERTY FINANCE AND INVESTMENT
690 _aPROPERTY-COMMERCIAL PROPERTY-COMMERCIAL PROPERTY MARKET
856 4 0 _uhttps://www.rics.org/site/download_feed.aspx?fileID=7119&fileExtension=PDF
_zView the document free of charge (pdf file) at www.rics.org
942 _n0
999 _c110974
_d110974